Gaming Quiz

Random Gaming or Pokémon Quiz

Psychic Pokémon (Gen. 6) (Picture Click) Quiz Stats

Quiz not verified by Sporcle

Score 0/6 Timer 04:00
0 Plays Today
% Correct
Meowstic
84.5%
Espurr
84.3%
Malamar
81.9%
Inkay
81.6%
Hoopa
81%
Delphox
80.9%

You're not logged in!

Compare scores with friends on all Sporcle quizzes.
Join for Free
OR
Log In

You Might Also Like...

Show Comments

Extras

Top Quizzes Today


Score Distribution

Your Account Isn't Verified!

In order to create a playlist on Sporcle, you need to verify the email address you used during registration. Go to your Sporcle Settings to finish the process.

Report this User

Report this user for behavior that violates our Community Guidelines.

Details: